[Event "Four Nations Chess Challenge"]
[Site "Oslo"]
[Date "2008.02.16"]
[Round "2.2"]
[White "Johannessen, Leif Erlend"]
[Black "Hillarp-Persson, Tiger"]
[Result "1-0"]
[WhiteElo "2521"]
[BlackElo "2535"]
[PlyCount "105"]
[EventDate "2008.02.15"]
[EventType "team"]
[EventRounds "3"]
[EventCountry "NOR"]
[WhiteTeam "Norway"]
[BlackTeam "Sweden"]

1. d4 d5 2. c4 c6 3. Nf3 Nf6 4. Nc3 e6 5. e3 Nbd7 6. Qc2 Bd6 7. e4 dxe4 8. Nxe4
Nxe4 9. Qxe4 e5 10. dxe5 O-O 11. exd6 Re8 12. Qxe8+ Qxe8+ 13. Be3 c5 14. O-O-O
b5 15. cxb5 a6 16. Bd3 axb5 17. Rhe1 Nf6 18. Bf4 Be6 19. d7 Qxd7 20. Bxh7+ Kxh7
21. Rxd7 Bxd7 22. a3 Nd5 23. Rd1 Be6 24. Ng5+ Kg6 25. Nxe6 fxe6 26. Bg3 c4 27.
Re1 Kf7 28. Re4 c3 29. Be5 cxb2+ 30. Kxb2 Ra7 31. Rg4 Kg8 32. Kb3 Rf7 33. f3
Kh7 34. Rh4+ Kg6 35. Rg4+ Kh7 36. Bd4 Kh6 37. Re4 Re7 38. Bc5 Re8 39. Bd4 Re7
40. Rh4+ Kg5 41. Rh8 e5 42. Rd8 Nf6 43. Be3+ Kg6 44. Bc5 Rb7 45. Kb4 Kf5 46.
Ka5 e4 47. Ka6 Rc7 48. Kb6 Rf7 49. fxe4+ Kxe4 50. Rd2 Ng4 51. Kxb5 Ne5 52. Rd4+
Kf5 53. a4 1-0

[Event "Four Nations Chess Challenge"]
[Site "Oslo"]
[Date "2008.02.16"]
[Round "2.3"]
[White "Agrest, Evgenij"]
[Black "Ostenstad, Berge"]
[Result "1-0"]
[WhiteElo "2535"]
[BlackElo "2482"]
[PlyCount "76"]
[EventDate "2008.02.15"]
[EventType "team"]
[EventRounds "3"]
[EventCountry "NOR"]
[WhiteTeam "Sweden"]
[BlackTeam "Norway"]

1. c4 e6 2. Nc3 d5 3. d4 Be7 4. Nf3 Nf6 5. Bg5 O-O 6. e3 Nbd7 7. cxd5 exd5 8.
Bd3 c6 9. Qc2 Re8 10. O-O Nf8 11. Rae1 Ne4 12. Bxe7 Qxe7 13. Bxe4 dxe4 14. Nd2
f5 15. f3 exf3 16. Nxf3 Be6 17. e4 fxe4 18. Rxe4 h6 19. Rfe1 Qd6 20. R4e3 Qd7
21. Qa4 b5 22. Qb4 Ng6 23. Qc5 a5 24. Ne5 Nxe5 25. dxe5 b4 26. Na4 Rab8 27. b3
Bd5 28. Qd4 Rbd8 29. Rg3 Qe7 30. Qe3 Kh8 31. h3 Rf8 32. Nb2 Bg8 33. Nd3 Bh7 34.
Nf4 g5 35. Nh5 Rd3 36. Qb6 Rd2 37. Qxc6 Qa7+ 38. Kh2 Rff2 1-0

[Event "Four Nations Chess Challenge"]
[Site "Oslo"]
[Date "2008.02.16"]
[Round "2.4"]
[White "Djurhuus, Rune"]
[Black "Hector, Jonny"]
[Result "1/2-1/2"]
[WhiteElo "2452"]
[BlackElo "2533"]
[PlyCount "63"]
[EventDate "2008.02.15"]
[EventType "team"]
[EventRounds "3"]
[EventCountry "NOR"]
[WhiteTeam "Norway"]
[BlackTeam "Sweden"]

1. d4 d5 2. c4 c6 3. Nf3 Nf6 4. cxd5 cxd5 5. Nc3 Nc6 6. Bf4 Bf5 7. e3 e6 8. Bb5
Nd7 9. O-O Be7 10. Bxc6 bxc6 11. Ne5 Rc8 12. Nxd7 Qxd7 13. Na4 g5 14. Bg3 h5
15. Nc5 Bxc5 16. dxc5 f6 17. Bd6 h4 18. f3 e5 19. b4 Qb7 20. Qd2 Kf7 21. a4 a6
22. Ra2 Rce8 23. Rb2 Bd7 24. Qc3 Rhg8 25. Rc1 Qa8 26. Qd3 Rg7 27. e4 d4 28.
Qc4+ Kg6 29. Kf2 Be6 30. Qd3 Rb7 31. Kg1 Rc8 32. Rcc2 1/2-1/2

[Event "Four Nations Chess Challenge"]
[Site "Oslo"]
[Date "2008.02.16"]
[Round "2.5"]
[White "Carlsson, Pontus"]
[Black "Lie, Espen"]
[Result "1-0"]
[WhiteElo "2501"]
[BlackElo "2428"]
[PlyCount "73"]
[EventDate "2008.02.15"]
[EventType "team"]
[EventRounds "3"]
[EventCountry "NOR"]
[WhiteTeam "Sweden"]
[BlackTeam "Norway"]

1. e4 e5 2. Nf3 Nc6 3. Bb5 a6 4. Ba4 Nf6 5. O-O Be7 6. Re1 b5 7. Bb3 d6 8. c3
O-O 9. h3 Na5 10. Bc2 d5 11. d4 dxe4 12. Nxe5 c5 13. Be3 Bb7 14. Nd2 Rc8 15.
Qb1 cxd4 16. Bxd4 Bc5 17. Nxe4 Bxe4 18. Bxe4 Bxd4 19. cxd4 Qxd4 20. b4 Rce8 21.
Nf3 Qc3 22. Re3 Nxe4 23. Rxc3 Nxc3 24. Qd3 Ne2+ 25. Kh2 Nc4 26. Ng5 g6 27. Ne4
f5 28. Ng5 Re7 29. a4 h6 30. axb5 axb5 31. Qd5+ Kh8 32. Ne6 Rfe8 33. Ra6 Nc3
34. Qd4+ Kh7 35. Ra7 Kg8 36. Rxe7 Rxe7 37. Qf6 1-0

[Event "Four Nations Chess Challenge"]
[Site "Oslo"]
[Date "2008.02.16"]
[Round "2.6"]
[White "Sahl, Sheila B"]
[Black "Cramling, Pia"]
[Result "0-1"]
[WhiteElo "2227"]
[BlackElo "2524"]
[PlyCount "65"]
[EventDate "2008.02.15"]
[EventType "team"]
[EventRounds "3"]
[EventCountry "NOR"]
[WhiteTeam "Norway"]
[BlackTeam "Sweden"]

1. e4 c5 2. Nf3 e6 3. d4 cxd4 4. Nxd4 a6 5. Bd3 g6 6. O-O Bg7 7. Be3 Nf6 8. Nc3
d6 9. a4 b6 10. f3 O-O 11. Qd2 Qc7 12. Qf2 Nbd7 13. Rfd1 Bb7 14. Nde2 Rfd8 15.
Nf4 Bc6 16. Bf1 Bf8 17. Kh1 Qb7 18. Qh4 b5 19. a5 Rac8 20. Nce2 Be7 21. Qf2 Ne5
22. Bb6 Re8 23. Nc3 Bd7 24. Bd4 Nc4 25. Bxc4 Rxc4 26. Nfe2 b4 27. Na2 Rxc2 28.
Qe1 e5 29. Bb6 d5 30. exd5 Nxd5 31. Ng3 Bc6 32. Qxe5 Bf6 33. Qd6 0-1

[Event "Four Nations Chess Challenge"]
[Site "Oslo"]
[Date "2008.02.16"]
[Round "2.7"]
[White "Agrest, Svetlana"]
[Black "Hagesaether, Ellen"]
[Result "1/2-1/2"]
[WhiteElo "2257"]
[BlackElo "2234"]
[PlyCount "95"]
[EventDate "2008.02.15"]
[EventType "team"]
[EventRounds "3"]
[EventCountry "NOR"]
[WhiteTeam "Sweden"]
[BlackTeam "Norway"]

1. e4 d6 2. d4 Nf6 3. Nc3 g6 4. Be3 c6 5. Qd2 b5 6. Bd3 Nbd7 7. Nf3 e5 8. dxe5
dxe5 9. O-O Bb7 10. a4 a6 11. Rad1 Bg7 12. h3 O-O 13. Ne2 Qc7 14. Ng3 c5 15.
axb5 c4 16. bxa6 Rxa6 17. Be2 Nc5 18. Qb4 Ncxe4 19. Bxc4 Nxg3 20. fxg3 Rc6 21.
Bb3 Ba6 22. Rf2 Rb8 23. Qh4 Bc4 24. Nxe5 Qxe5 25. Bf4 Qe8 26. Bxb8 Bxb3 27.
cxb3 Qxb8 28. Rfd2 Rc8 29. Kh2 h6 30. b4 g5 31. Qd4 Ne8 32. Qe3 Bf6 33. Qb3 Ng7
34. Rd7 Ne6 35. R1d2 Re8 36. Qf3 Be7 37. R2d6 Qxb4 38. Rd2 Ng7 39. Qd5 Qc5 40.
Qxc5 Bxc5 41. Rd8 Kf8 42. Rxe8+ Kxe8 43. Rc2 Ne6 44. Rc4 Kd7 45. g4 Kd6 46. Kg3
Kd5 47. Ra4 Bd4 48. Kf3 1/2-1/2

[Event "Four Nations Chess Challenge"]
[Site "Oslo"]
[Date "2008.02.16"]
[Round "2.8"]
[White "Bjerke, Silje"]
[Black "Andersson, Christin"]
[Result "1-0"]
[WhiteElo "2162"]
[BlackElo "2194"]
[PlyCount "57"]
[EventDate "2008.02.15"]
[EventType "team"]
[EventRounds "3"]
[EventCountry "NOR"]
[WhiteTeam "Norway"]
[BlackTeam "Sweden"]

1. d4 d5 2. c4 c6 3. e3 Nf6 4. Nc3 g6 5. Nf3 Bg7 6. Be2 O-O 7. O-O Bg4 8. cxd5
Nxd5 9. h3 Bxf3 10. Bxf3 e6 11. e4 Nxc3 12. bxc3 e5 13. d5 cxd5 14. exd5 Re8
15. Rb1 b6 16. d6 e4 17. Bxe4 Rxe4 18. Qd5 Re8 19. Qxa8 Qd7 20. Qd5 Bxc3 21.
Bf4 Nc6 22. Qb5 Bd4 23. Rbc1 Bc5 24. Rfe1 Rd8 25. Rcd1 Qc8 26. Qb2 Rd7 27. Qf6
Qd8 28. Bh6 Bxf2+ 29. Kh1 1-0

[Event "Four Nations Chess Challenge"]
[Site "Oslo"]
[Date "2008.02.16"]
[Round "2.9"]
[White "Agrest, Inna"]
[Black "Skytte, Torill"]
[Result "1-0"]
[WhiteElo "2168"]
[BlackElo "1971"]
[PlyCount "109"]
[EventDate "2008.02.15"]
[EventType "team"]
[EventRounds "3"]
[EventCountry "NOR"]
[WhiteTeam "Sweden"]
[BlackTeam "Norway"]

1. e4 e5 2. Nf3 Nc6 3. Bb5 a6 4. Ba4 Nf6 5. O-O Nxe4 6. d4 exd4 7. Re1 d5 8.
Nxd4 Bd6 9. Nxc6 Bxh2+ 10. Kf1 Qh4 11. Rxe4+ dxe4 12. Ne5+ b5 13. Qd5 O-O 14.
Nxf7 Rxf7 15. Be3 Rb8 16. Bb3 Qf6 17. Nc3 Bb7 18. Qxf7+ Qxf7 19. Bxf7+ Kxf7 20.
g3 Ke6 21. Kg2 Bxg3 22. Kxg3 Rf8 23. Ne2 Rf6 24. b4 Rg6+ 25. Kh2 Kf7 26. Rd1
Bc8 27. Ng3 Rg4 28. Rd4 Rh4+ 29. Kg1 h6 30. c3 g5 31. Rxe4 Rxe4 32. Nxe4 Kg6
33. Kh2 Kf5 34. Nc5 h5 35. Kg3 h4+ 36. Kh2 g4 37. Kg2 c6 38. Nb3 Ke4 39. Nc5+
Kf5 40. Kh2 Kg6 41. Bf4 Kf5 42. Bc7 Kg5 43. Bd8+ Kh5 44. Nd3 h3 45. Nc5 Kg6 46.
Bc7 Kf5 47. Kg3 Kg5 48. a3 Kf5 49. f3 gxf3 50. Kxh3 Kg5+ 51. Kg3 Bg4 52. Nxa6
Kf5 53. Bb6 Bh5 54. Nb8 Ke4 55. Nxc6 1-0

[Event "Four Nations Chess Challenge"]
[Site "Oslo"]
[Date "2008.02.16"]
[Round "2.10"]
[White "Khachatorian, Yarazik"]
[Black "Frisk, Ellinor"]
[Result "0-1"]
[WhiteElo "2044"]
[BlackElo "2127"]
[PlyCount "109"]
[EventDate "2008.02.15"]
[EventType "team"]
[EventRounds "3"]
[EventCountry "NOR"]
[WhiteTeam "Norway"]
[BlackTeam "Sweden"]

1. e4 e6 2. d3 c5 3. Nf3 Nc6 4. g3 g6 5. Bg5 Qb6 6. Qc1 Bg7 7. c3 d6 8. Na3
Nge7 9. Nc4 Qc7 10. Bf4 e5 11. Bh6 Bf6 12. h4 Bg4 13. Nh2 Be6 14. Ne3 Rg8 15.
Bg2 Bh8 16. Nd5 Qd7 17. Nf1 f6 18. Nfe3 O-O-O 19. Nc4 Kb8 20. a4 Bf7 21. Nxe7
Nxe7 22. Qc2 d5 23. Na3 Nc6 24. Bd2 f5 25. Bg5 Rc8 26. Bh3 Be6 27. exd5 Bxd5
28. Rf1 Na5 29. f3 Rge8 30. c4 Be6 31. Rd1 Nc6 32. Be3 Nd4 33. Bxd4 exd4 34.
Kd2 f4 35. g4 Bf6 36. Bg2 Bxh4 37. Kc1 Bg8 38. b3 Re3 39. Rh1 Qe7 40. Bf1 Rxf3
41. Qd2 Bf2 42. Kb1 Be3 43. Qh2 Rf2 44. Bg2 Qe6 45. Qh3 Qb6 46. Nb5 a6 47. Rhf1
Rxf1 48. Rxf1 axb5 49. axb5 Be6 50. Qxh7 Bxg4 51. Bd5 Be2 52. Rh1 Bxd3+ 53. Kb2
Bd2 54. Qf7 Qa7 55. Bxb7 0-1

[Event "Four Nations Chess Challenge"]
[Site "Oslo"]
[Date "2008.02.16"]
[Round "2.1"]
[White "Jones, Gawain C"]
[Black "Miezis, Normunds"]
[Result "0-1"]
[WhiteElo "2562"]
[BlackElo "2553"]
[PlyCount "78"]
[EventDate "2008.02.15"]
[EventType "team"]
[EventRounds "3"]
[EventCountry "NOR"]
[WhiteTeam "England"]
[BlackTeam "Latvia"]

1. e4 c5 2. Nf3 e6 3. d4 cxd4 4. Nxd4 a6 5. Bd3 Nc6 6. Nxc6 dxc6 7. Nd2 Qc7 8.
O-O Nf6 9. a4 e5 10. Nc4 Be7 11. b3 Be6 12. Bb2 Nd7 13. Kh1 O-O 14. Qh5 g6 15.
Qh6 Bf6 16. a5 Nc5 17. Ba3 Be7 18. Bxc5 Bxc5 19. f4 exf4 20. Rxf4 f6 21. Rf3
Rf7 22. Raf1 Raf8 23. h4 Qe7 24. h5 Rg7 25. Rg3 g5 26. Rgf3 Rgf7 27. c3 Kh8 28.
b4 Ba7 29. Ne3 g4 30. Nf5 Qc7 31. Rf4 Bxf5 32. Bc4 Be3 33. Bxf7 Qxf7 34. exf5
g3 35. R1f3 Bxf4 36. Rxf4 Rg8 37. Rd4 Qe7 38. Re4 Rd8 39. Qd2 Rxd2 0-1

[Event "Four Nations Chess Challenge"]
[Site "Oslo"]
[Date "2008.02.16"]
[Round "2.2"]
[White "Krakops, Maris"]
[Black "Howell, David"]
[Result "0-1"]
[WhiteElo "2525"]
[BlackElo "2528"]
[PlyCount "124"]
[EventDate "2008.02.15"]
[EventType "team"]
[EventRounds "3"]
[EventCountry "NOR"]
[WhiteTeam "Latvia"]
[BlackTeam "England"]

1. e4 e5 2. Nf3 Nc6 3. Bc4 Nf6 4. d3 h6 5. Nbd2 g6 6. Bb5 d6 7. c3 Bg7 8. d4
Nd7 9. Nc4 O-O 10. O-O Ncb8 11. Ne3 c6 12. Bc4 Qe7 13. dxe5 dxe5 14. a4 Nc5 15.
Qc2 Re8 16. b3 Bf8 17. b4 Ncd7 18. a5 Nf6 19. h3 Qc7 20. Rd1 Kg7 21. Bb2 Nh5
22. Bf1 Nf4 23. c4 Na6 24. c5 f6 25. Nc4 Kh7 26. Nd6 Rd8 27. Nxc8 Raxc8 28. Qb3
Qe7 29. Bc4 Nc7 30. a6 Rxd1+ 31. Qxd1 b5 32. cxb6 axb6 33. Bf1 b5 34. Bc1 Ra8
35. a7 Nfe6 36. Be3 Ne8 37. Qb3 Nd6 38. Ra6 Nd8 39. Bc5 Qb7 40. Ra2 Kg7 41. Nh4
Qf7 42. Qxf7+ Kxf7 43. Bd3 Nc8 44. Bxf8 Kxf8 45. Nxg6+ Kf7 46. Nh4 Rxa7 47. Rd2
Rd7 48. Kf1 Ne6 49. Ke1 Nd4 50. Bb1 Nd6 51. Nf5 N6xf5 52. exf5 Ra7 53. f4 Ra3
54. fxe5 fxe5 55. Kf2 Kf6 56. Be4 Rb3 57. Bxc6 Kxf5 58. Bd5 Rxb4 59. Ke3 Kg5
60. Ra2 Nf5+ 61. Kf3 Rd4 62. Be6 Rf4+ 0-1

[Event "Four Nations Chess Challenge"]
[Site "Oslo"]
[Date "2008.02.16"]
[Round "2.3"]
[White "Williams, Simon"]
[Black "Sveshnikov, Evgeny"]
[Result "1-0"]
[WhiteElo "2482"]
[BlackElo "2506"]
[PlyCount "59"]
[EventDate "2008.02.15"]
[EventType "team"]
[EventRounds "3"]
[EventCountry "NOR"]
[WhiteTeam "England"]
[BlackTeam "Latvia"]

1. d4 d5 2. c4 e6 3. Nc3 c6 4. Nf3 Nf6 5. Bg5 h6 6. Bh4 Be7 7. e3 O-O 8. Qc2 b6
9. O-O-O Ba6 10. Ne5 Nfd7 11. Bg3 Nxe5 12. dxe5 Qc8 13. h4 Nd7 14. Bf4 Bxc4 15.
Bxc4 dxc4 16. Ne4 b5 17. g4 Nc5 18. g5 h5 19. Nf6+ Bxf6 20. gxf6 g6 21. Rhg1
Nd3+ 22. Kb1 Rd8 23. Bh6 Qa6 24. Qe2 b4 25. Qxh5 Kh7 26. Qg5 Nxf2 27. h5 Rxd1+
28. Rxd1 Nxd1 29. Bg7 Kg8 30. Qh6 1-0

[Event "Four Nations Chess Challenge"]
[Site "Oslo"]
[Date "2008.02.16"]
[Round "2.4"]
[White "Neiksans, Arturs"]
[Black "Gordon, Stephen"]
[Result "0-1"]
[WhiteElo "2470"]
[BlackElo "2501"]
[PlyCount "168"]
[EventDate "2008.02.15"]
[EventType "team"]
[EventRounds "3"]
[EventCountry "NOR"]
[WhiteTeam "Latvia"]
[BlackTeam "England"]

1. e4 c5 2. Nf3 d6 3. d4 cxd4 4. Nxd4 Nf6 5. Nc3 a6 6. Be3 e6 7. a4 Nc6 8. Be2
Be7 9. O-O O-O 10. Nb3 b6 11. f4 Qc7 12. Bf3 Rb8 13. g4 Re8 14. g5 Nd7 15. Bg2
Bf8 16. Kh1 g6 17. f5 Nde5 18. h4 Nb4 19. fxg6 fxg6 20. h5 Nc4 21. Bc1 Bg7 22.
Qe2 Bb7 23. Rb1 Rbc8 24. Nd2 Ne5 25. h6 Bh8 26. Nf3 Nxf3 27. Qxf3 Nxc2 28. Bf4
Nd4 29. Qg3 Rcd8 30. Rbd1 Rf8 31. Be3 Be5 32. Rxf8+ Rxf8 33. Qg4 Bc8 34. Rc1
Nb3 35. Rd1 Nc5 36. Qe2 Bb7 37. Qc4 Qe7 38. b4 Nxa4 39. Nxa4 b5 40. Qa2 bxa4
41. Qxa4 Bf4 42. Qb3 d5 43. Qc3 e5 44. Bxf4 Rxf4 45. exd5 Qxg5 46. Kg1 Rg4 47.
Qd2 Qd8 48. Qc3 Bxd5 49. Rxd5 Rxg2+ 50. Kxg2 Qxd5+ 51. Kg3 Qd4 52. Qc8+ Kf7 53.
Qb7+ Kf6 54. Qxh7 Qf4+ 55. Kg2 Kg5 56. Qg7 Qf6 57. Qd7 Kxh6 58. Qd2+ Kg7 59.
Qd7+ Qf7 60. Qd6 Qb7+ 61. Kg3 e4 62. Qe5+ Kf7 63. Qf4+ Ke6 64. Qg4+ Kd5 65.
Qxg6 Qc7+ 66. Kg2 Qc6 67. Qg5+ Kd4 68. Qa5 e3+ 69. Kg3 Qd6+ 70. Kf3 Qf8+ 71.
Kg3 Qg7+ 72. Kf4 Qf6+ 73. Kg3 Qg6+ 74. Kf3 Qe4+ 75. Kg3 Qd3 76. Qa1+ Qc3 77.
Qd1+ Qd3 78. Qa1+ Ke4 79. Qh1+ Ke5 80. Qa1+ Kf5 81. Kf3 e2+ 82. Kf2 Qd1 83.
Qa5+ Ke4 84. b5 Qf1+ 0-1

[Event "Four Nations Chess Challenge"]
[Site "Oslo"]
[Date "2008.02.16"]
[Round "2.5"]
[White "Haslinger, Stewart"]
[Black "Daskevics, Vadims"]
[Result "1-0"]
[WhiteElo "2495"]
[BlackElo "2331"]
[PlyCount "71"]
[EventDate "2008.02.15"]
[EventType "team"]
[EventRounds "3"]
[EventCountry "NOR"]
[WhiteTeam "England"]
[BlackTeam "Latvia"]

1. e4 c5 2. Nf3 Nc6 3. d4 cxd4 4. Nxd4 Nf6 5. Nc3 d6 6. Bg5 e6 7. Qd2 a6 8.
O-O-O Bd7 9. f4 h6 10. Bh4 g5 11. fxg5 Ng4 12. Nxc6 Bxc6 13. Be2 Ne5 14. g3 Ng6
15. Kb1 h5 16. Rhf1 Qb6 17. Bc4 Qc5 18. Bb3 Be7 19. Rde1 b5 20. Ne2 Bxe4 21.
Nf4 d5 22. Qe2 Nxf4 23. gxf4 Rc8 24. Bf2 Qc7 25. Qd1 a5 26. Bd4 Rg8 27. Rxe4
dxe4 28. c3 Qd6 29. Qxh5 a4 30. Bc2 Qa6 31. Qh7 Rf8 32. Qxe4 b4 33. Bd3 Qd6 34.
Qb7 Rc7 35. Bb5+ Kd8 36. Qb8+ 1-0

[Event "Four Nations Chess Challenge"]
[Site "Oslo"]
[Date "2008.02.16"]
[Round "2.6"]
[White "Reizniece, Dana"]
[Black "Hunt, Harriet"]
[Result "0-1"]
[WhiteElo "2309"]
[BlackElo "2457"]
[PlyCount "114"]
[EventDate "2008.02.15"]
[EventType "team"]
[EventRounds "3"]
[EventCountry "NOR"]
[WhiteTeam "England"]
[BlackTeam "Latvia"]

1. e4 c6 2. c4 d5 3. cxd5 cxd5 4. exd5 Nf6 5. Bb5+ Nbd7 6. Nc3 g6 7. d6 exd6 8.
d4 a6 9. Be2 Bg7 10. Nf3 O-O 11. Bf4 Nb6 12. O-O Nbd5 13. Nxd5 Nxd5 14. Bg5 Qb6
15. Qd2 Be6 16. Bc4 Rfc8 17. Bb3 a5 18. Rac1 Qb5 19. Rxc8+ Rxc8 20. Rc1 Rc6 21.
h3 a4 22. Bd1 Nb6 23. Rxc6 bxc6 24. Be2 Bc4 25. Bxc4 Nxc4 26. Qe2 Ne5 27. Qe3
Nxf3+ 28. gxf3 h5 29. Bf4 Qd5 30. Qa3 Qxd4 31. Bxd6 Qd1+ 32. Kg2 Bxb2 33. Qb4
Bg7 34. Bf4 Qc2 35. Qb8+ Kh7 36. a3 Bd4 37. Bg3 Qb3 38. Qc7 c5 39. Qd7 Kg7 40.
f4 Qc2 41. h4 Bf6 42. f5 gxf5 43. Qd6 Qe4+ 44. Kh2 c4 45. Bf4 Qd4 46. Qb8 Qxf2+
47. Kh3 Qxh4+ 48. Kg2 Qg4+ 49. Kh2 Qe2+ 50. Kh3 Qd3+ 51. Kh2 Qd4 52. Qc7 c3 53.
Kg3 h4+ 54. Kh3 Qd3+ 55. Kh2 Qe2+ 56. Kh3 Qf3+ 57. Kh2 h3 0-1

[Event "Four Nations Chess Challenge"]
[Site "Oslo"]
[Date "2008.02.16"]
[Round "2.7"]
[White "Chevannes, Sabrina"]
[Black "Berzina, Ilze"]
[Result "0-1"]
[WhiteElo "2074"]
[BlackElo "2281"]
[PlyCount "169"]
[EventDate "2008.02.15"]
[EventType "team"]
[EventRounds "3"]
[EventCountry "NOR"]
[WhiteTeam "England"]
[BlackTeam "Latvia"]

1. d4 d5 2. Nf3 c6 3. e3 e6 4. Bd3 f5 5. c4 Nf6 6. Nbd2 Bd6 7. b3 O-O 8. Bb2
Ne4 9. O-O Nd7 10. Ne5 Ndf6 11. f3 Nxd2 12. Qxd2 Bd7 13. Qe2 Be8 14. Rac1 Bh5
15. Qe1 Nd7 16. Nxd7 Qxd7 17. Qh4 Bg6 18. f4 Be7 19. Qe1 Bh5 20. b4 Kh8 21. Rf2
g5 22. a3 gxf4 23. exf4 Bh4 24. g3 Bf6 25. c5 Qg7 26. Qe3 Bf7 27. Rg2 Rg8 28.
Rcc2 Bh5 29. Be2 Bg4 30. Bxg4 Qxg4 31. Rce2 Rge8 32. Re1 a5 33. Qe2 Qg7 34. Qd3
axb4 35. axb4 Ra2 36. Kf1 Qg4 37. Qb3 Raa8 38. Qd3 h5 39. Qe3 Qg7 40. Qf3 Qf7
41. Ra1 Rxa1+ 42. Bxa1 Ra8 43. Bb2 Kh7 44. Re2 Kg6 45. h3 Rh8 46. Qe3 Re8 47.
Qf3 Qh7 48. Bc3 Kf7 49. Qe3 Re7 50. Rg2 Re8 51. Qd3 Ra8 52. Re2 Qg8 53. Bb2 h4
54. Rg2 hxg3 55. Rxg3 Qh8 56. Qe3 Ra2 57. Rg2 Qh6 58. Re2 Bd8 59. Bc3 Ra3 60.
Kg2 Bc7 61. Qc1 Ra8 62. Bd2 Rg8+ 63. Kh2 Qg7 64. Qf1 Qxd4 65. Rf2 Qf6 66. Qe2
Qh4 67. Qf3 Rd8 68. Be3 d4 69. Bd2 Kf6 70. Bc1 Rg8 71. Bb2 e5 72. fxe5+ Bxe5+
73. Kh1 f4 74. Rg2 Qe1+ 75. Kh2 Rxg2+ 76. Kxg2 Qxb4 77. Bc1 Qxc5 78. Bxf4 Bxf4
79. Qxf4+ Ke6 80. Qg4+ Kd6 81. Qf4+ Qe5 82. Qf8+ Qe7 83. Qf4+ Kc5 84. h4 d3 85.
h5 0-1

[Event "Four Nations Chess Challenge"]
[Site "Oslo"]
[Date "2008.02.16"]
[Round "2.8"]
[White "Voronova, Tatiana"]
[Black "Bhatia, Kanwal"]
[Result "1/2-1/2"]
[WhiteElo "2242"]
[BlackElo "2054"]
[PlyCount "103"]
[EventDate "2008.02.15"]
[EventType "team"]
[EventRounds "3"]
[EventCountry "NOR"]
[WhiteTeam "Latvia"]
[BlackTeam "England"]

1. e4 e5 2. Nf3 Nc6 3. Bb5 a6 4. Ba4 Nf6 5. O-O b5 6. Bb3 Bc5 7. d3 d6 8. a4
Rb8 9. axb5 axb5 10. h3 O-O 11. Nc3 Be6 12. Nd5 Bxd5 13. exd5 Ne7 14. d4 exd4
15. Nxd4 Qd7 16. Ra6 Nfxd5 17. Bxd5 Nxd5 18. Nb3 Qf5 19. Nxc5 dxc5 20. g4 Qd7
21. c3 Rbd8 22. Qf3 c6 23. Bg5 f6 24. Be3 Qb7 25. Rfa1 Nxe3 26. Qxe3 Ra8 27.
Rxa8 Rxa8 28. Rxa8+ Qxa8 29. Qxc5 Qa1+ 30. Kg2 Qxb2 31. Qxc6 Qe2 32. Qd5+ Kf8
33. Kg3 Ke7 34. Qb7+ Kf8 35. Qc8+ Ke7 36. Qc7+ Kf8 37. Qd8+ Kf7 38. Qd5+ Ke7
39. Qc5+ Kf7 40. Qh5+ Ke7 41. Qc5+ Kf7 42. Qd5+ Ke7 43. Kg2 Kf8 44. Qd8+ Kf7
45. Qd7+ Kf8 46. Qf5 Qc4 47. Qf3 Ke7 48. Qb7+ Kd6 49. Qb8+ Kc6 50. Qa8+ Kd7 51.
Qb7+ Kd6 52. Qb8+ 1/2-1/2

[Event "Four Nations Chess Challenge"]
[Site "Oslo"]
[Date "2008.02.16"]
[Round "2.9"]
[White "Hegarty, Sarah"]
[Black "Ni, Viktorija"]
[Result "0-1"]
[WhiteElo "1974"]
[BlackElo "2132"]
[PlyCount "126"]
[EventDate "2008.02.15"]
[EventType "team"]
[EventRounds "3"]
[EventCountry "NOR"]
[WhiteTeam "England"]
[BlackTeam "Latvia"]

1. e4 c5 2. Nf3 e6 3. d4 cxd4 4. Nxd4 a6 5. Nc3 Qc7 6. Bd3 Nf6 7. O-O Bc5 8.
Nb3 Ba7 9. Kh1 Nc6 10. f4 d6 11. a4 Bd7 12. f5 Ne5 13. Bg5 Nfg4 14. Qe2 h6 15.
Bf4 O-O-O 16. h3 Nf6 17. Ra3 Rde8 18. fxe6 Bxe6 19. Rd1 g5 20. Bh2 g4 21. Bxa6
bxa6 22. Qxa6+ Qb7 23. Rxd6 Qxa6 24. Rxa6 Bb8 25. Ra8 Nfd7 26. Nc5 Rhg8 27. Nb5
Nxc5 28. Rxb8+ Kxb8 29. Bxe5+ Ka8 30. Nc7+ Kb7 31. Nxe8 Rxe8 32. a5 gxh3 33.
gxh3 Nxe4 34. a6+ Ka8 35. Bf4 Bd5 36. Kh2 Nf6 37. Re3 Rg8 38. Rg3 Rc8 39. c3
Nh5 40. Rg4 Bf3 41. Rh4 Re8 42. Kg1 Re2 43. b4 Re4 44. Kf2 Bd1 45. Bg3 Re2+ 46.
Kf3 Rb2+ 47. Ke3 Nxg3 48. Rf4 f5 49. Rd4 Ba4 50. Rd8+ Ka7 51. Kf4 Rg2 52. c4
Bc2 53. b5 Nh5+ 54. Kf3 Be4+ 55. Ke3 Rg3+ 56. Kf2 Rf3+ 57. Ke1 Nf4 58. Rd7+ Kb6
59. Rd6+ Kc5 60. Rxh6 Kd4 61. b6 Nd3+ 62. Kd2 Rf2+ 63. Kd1 Bf3# 0-1

[Event "Four Nations Chess Challenge"]
[Site "Oslo"]
[Date "2008.02.16"]
[Round "2.10"]
[White "Praude, Renate"]
[Black "Parmar, Amisha"]
[Result "1-0"]
[WhiteElo "2131"]
[BlackElo "1995"]
[PlyCount "123"]
[EventDate "2008.02.15"]
[EventType "team"]
[EventRounds "3"]
[EventCountry "NOR"]
[WhiteTeam "England"]
[BlackTeam "Latvia"]

1. e4 c5 2. Nf3 d6 3. d4 cxd4 4. Nxd4 Nf6 5. Nc3 g6 6. Be3 Bg7 7. f3 a6 8. Qd2
Nbd7 9. O-O-O b5 10. Bh6 Bxh6 11. Qxh6 Bb7 12. a3 Rc8 13. g4 Qa5 14. Nb3 Qb6
15. Bd3 Ne5 16. Rhf1 Nxd3+ 17. Rxd3 a5 18. Re1 b4 19. axb4 axb4 20. Nd5 Bxd5
21. exd5 Qf2 22. Qd2 Qxd2+ 23. Kxd2 Kd7 24. Rd4 g5 25. Rxb4 Nxd5 26. Rb7+ Rc7
27. Rxc7+ Nxc7 28. Ra1 h5 29. h3 hxg4 30. hxg4 Rh2+ 31. Kd3 Rf2 32. Nd2 Nd5 33.
Ra4 Rh2 34. b4 Rh8 35. c4 Nf4+ 36. Kc3 Rc8 37. Kd4 Ne2+ 38. Ke3 Nf4 39. Kd4
Ne2+ 40. Ke3 Nf4 41. Ke4 Rb8 42. b5 Ng6 43. Nb3 Ne5 44. Nd4 Kd8 45. Ra6 e6 46.
Nc6+ Nxc6 47. Rxc6 Ke7 48. Rc7+ Ke8 49. Ra7 Kf8 50. Kd4 Ke8 51. Ra5 Rb7 52.
Ra8+ Ke7 53. Rg8 Kf6 54. Kc3 Ke5 55. Rxg5+ Kf4 56. Rg7 Kxf3 57. g5 Rb8 58.
Rxf7+ Kg4 59. g6 Kg5 60. g7 Rg8 61. b6 Kg6 62. Rf1 1-0

[Event "Four Nations Chess Challenge"]
[Site "Oslo"]
[Date "2008.02.17"]
[Round "3.1"]
[White "Miezis, Normunds"]
[Black "Berg, Emanuel"]
[Result "1-0"]
[WhiteElo "2553"]
[BlackElo "2583"]
[PlyCount "85"]
[EventDate "2008.02.15"]
[EventType "team"]
[EventRounds "3"]
[EventCountry "NOR"]
[WhiteTeam "Latvia"]
[BlackTeam "Sweden"]

1. c4 e6 2. e4 d5 3. exd5 exd5 4. d4 Nc6 5. Nf3 Bg4 6. Be2 dxc4 7. O-O Bd6 8.
Bxc4 Qd7 9. h3 Bh5 10. d5 Bxf3 11. Qxf3 Ne5 12. Qe2 O-O-O 13. Bb5 Qf5 14. f4
Nd7 15. Nc3 Nb6 16. Be3 Nxd5 17. Nxd5 Qxd5 18. Rad1 Qf5 19. Bxa7 Nf6 20. Qc4
Qe4 21. Rd4 Qe3+ 22. Kh2 h5 23. Kh1 Ne4 24. Rxe4 Qxa7 25. Qxf7 Qb6 26. Be2 Qxb2
27. Bxh5 Kb8 28. Bf3 Rdf8 29. Qc4 g5 30. Re2 Qb6 31. Qc3 Bb4 32. Qb2 gxf4 33.
Rb1 Rd8 34. Re4 Bd2 35. Qc2 Qd6 36. Ra4 c6 37. Rxb7+ Kxb7 38. Qb3+ Bb4 39.
Rxb4+ Kc8 40. Bg4+ Rd7 41. Bxd7+ Kxd7 42. Rb7+ Kc8 43. Ra7 1-0

[Event "Four Nations Chess Challenge"]
[Site "Oslo"]
[Date "2008.02.17"]
[Round "3.2"]
[White "Hillarp-Persson, Tiger"]
[Black "Krakops, Maris"]
[Result "1-0"]
[WhiteElo "2535"]
[BlackElo "2525"]
[PlyCount "61"]
[EventDate "2008.02.15"]
[EventType "team"]
[EventRounds "3"]
[EventCountry "NOR"]
[WhiteTeam "Sweden"]
[BlackTeam "Latvia"]

1. e4 c5 2. Nf3 e6 3. d4 cxd4 4. Nxd4 a6 5. Nc3 b5 6. Bd3 Qb6 7. Nf3 Qc7 8. O-O
Bb7 9. Re1 Ne7 10. Bxb5 Ng6 11. Bd3 Bd6 12. Ne2 Nc6 13. Ng3 h5 14. Nf1 Nce5 15.
Nxe5 Bxe5 16. Rb1 Qc6 17. b4 Qa4 18. Rb3 h4 19. h3 O-O 20. Qh5 Rac8 21. a3 Bc3
22. Bd2 Bxd2 23. Nxd2 Nf4 24. Qxh4 Nxd3 25. Rxd3 Rxc2 26. Rg3 f6 27. Nb3 Qxa3
28. e5 fxe5 29. Qe7 Rf7 30. Qe8+ Rf8 31. Qxd7 1-0